000
00229nam a22000857a 4500
008
161219b xxu||||| |||| 00| 0 eng d
100
_9
2138
_a
Trublaini M
245
_a
Little Natalochka and the silver fish
260
_a
Dnipro
_b
Kiev
_c
1986
999
_c
5018
_d
5018